[Event "Carvalho Memorial op 9th"]
[Site "Juazeiro do Norte"]
[Date "2014.09.21"]
[Round "6"]
[White "Monte, Edmar Ferreira"]
[Black "Soares, Mateus Lacerda"]
[Result "1-0"]
[WhiteElo "1654"]
[BlackElo "1604"]
[PlyCount "79"]
[EventDate "2014.09.19"]
[EventType "swiss"]
[EventRounds "6"]
[EventCountry "BRA"]
[SourceTitle "CBM 162 Extra"]
[Source "ChessBase"]
[SourceDate "2014.10.17"]
[SourceVersion "1"]
[SourceVersionDate "2014.10.17"]
[SourceQuality "1"]

1. d4 e6 2. c4 d5 3. Nc3 Nf6 4. Bg5 Be7 5. Nf3 Nc6 6. e3 0-0 7. cxd5 Nxd5 8. Bxe7 Qxe7 9. Rc1 Nxc3 10. Rxc3 Bd7 11. Bd3 Rac8 12. 0-0 Rfd8 13. h4 h6 14. Bb1 Nb4 15. a3 Nd5 16. Qc2 g6 17. Rd3 Bb5 18. h5 Bxd3 19. Qxd3 Qf6 20. hxg6 Qxg6 21. Qb3 Qg7 22. g3 b6 23. Ne5 c5 24. Nf3 Qh8 25. e4 Nf6 26. e5 Nd5 27. dxc5 Rxc5 28. Qa4 Ra5 29. Qh4 Ne7 30. Qxe7 Rad5 31. Kg2 R5d7 32. Qh4 Rd1 33. Rxd1 Rxd1 34. Bc2 Rc1 35. Ba4 a6 36. Qd8+ Kh7 37. Qxb6 Qg7 38. Qe3 Rc4 39. Bd1 Re4 40. Bc2 1-0

[Event "Recife Arraes Memorial 7th"]
[Site "Recife"]
[Date "2014.08.30"]
[Round "4"]
[White "Ferreira, Alexander da Silva"]
[Black "Soares, Mateus Lacerda"]
[Result "0-1"]
[WhiteElo "1679"]
[BlackElo "1800"]
[PlyCount "70"]
[EventDate "2014.08.29"]
[EventType "swiss"]
[EventRounds "6"]
[EventCountry "BRA"]
[SourceTitle "EXT 2015"]
[Source "ChessBase"]
[SourceDate "2014.11.20"]
[SourceVersion "1"]
[SourceVersionDate "2014.11.20"]
[SourceQuality "1"]

1. e4 e5 2. Nf3 Nc6 3. Bc4 Nf6 4. Ng5 d5 5. exd5 Na5 6. Bb5+ Bd7 7. Qe2 Bd6 8. Ne4 Nxd5 9. a3 0-0 10. Bxd7 Qxd7 11. g3 Nc6 12. c3 Na5 13. 0-0 Nb3 14. Ra2 Qe6 15. c4 Nd4 16. Qd1 Nf6 17. Nxf6+ Qxf6 18. d3 Rfe8 19. Nc3 c6 20. Ne4 Qd8 21. Be3 f5 22. Nxd6 Qxd6 23. b4 f4 24. gxf4 exf4 25. Bxd4 Qxd4 26. Re1 Rxe1+ 27. Qxe1 Qxd3 28. Qe6+ Kf8 29. Re2 Qg6+ 30. Qxg6 hxg6 31. Rd2 Re8 32. Kg2 Re7 33. Kf3 Rf7 34. Rd8+ Ke7 35. a4 Kxd8 0-1

[Event "Recife Arraes Memorial 7th"]
[Site "Recife"]
[Date "2014.08.29"]
[Round "2"]
[White "Azevedo, Eduardo Jose E"]
[Black "Soares, Mateus Lacerda"]
[Result "1-0"]
[WhiteElo "1826"]
[BlackElo "1800"]
[PlyCount "60"]
[EventDate "2014.08.29"]
[EventType "swiss"]
[EventRounds "6"]
[EventCountry "BRA"]
[SourceTitle "EXT 2015"]
[Source "ChessBase"]
[SourceDate "2014.11.20"]
[SourceVersion "1"]
[SourceVersionDate "2014.11.20"]
[SourceQuality "1"]

1. d4 e6 2. Nc3 Nf6 3. e4 d6 4. Bg5 Be7 5. Nf3 0-0 6. Bd3 Nc6 7. a3 Nd7 8. Bxe7 Nxe7 9. 0-0 e5 10. dxe5 Nxe5 11. Nxe5 dxe5 12. Bc4 c6 13. Qxd8 Rxd8 14. Rad1 Bg4 15. f3 Bh5 16. h4 Kf8 17. g4 Ng6 18. gxh5 Nf4 19. Ne2 Nxh5 20. Kf2 Re8 21. Rd7 Re7 22. Rfd1 Nf6 23. Rd8+ Re8 24. Rxa8 Rxa8 25. Ng3 g6 26. Ke3 Ke7 27. Bf1 Nd7 28. Bh3 Nf6 29. b3 a5 30. a4 Nd7 1-0